01082 2200337 4500001002100000005001500021035002000036007000300056008004100059020002200100040002200122082001400144084001600158090002200174100003900196245010400235250003200339300005000371650001900421700003700440700003100477700004300508850001200551504003100563264003200594336002100626337003000647338002300677999002200700990002200722INLIS00000000087845720230515102925 a0010-0523000334ta230515s2022 yoia e ind d a978-623-02-4491-9 aYOPDYOGbinderda04223a618.2 a618.2 WAH t aCB-D.11 2022-34140 aWahyu Pujiastutid1980-epengarang10aTata laksana penyulit kebidanan /cWahyu Pujiastuti, Esti Handayani, Mundarti, Herlina Tri Damailia aCetakan pertama, April 2022 aviii, 70 halaman :btabel, ilustrasi ;c25 cm 4aIlmu kebidanan0 aEsti Handayanid1974-epengarang0 aMundartid1965-epengarang0 aHerlina Tri Damailiad1982-epengarang aYOPDYOG aBibliografi: halaman 67-6831aSleman :bDeepublish,c2022 2rdacontentateks 2rdamediaatanpa perantara 2rdacarrieravolume aCB-D.11/2022-3414 aCB-D.11/2022-3414